000 00418nam a2200133Ia 4500
008 231129s2009||||xx |||||||||||||| ||spa||
020 _a978-958-8181-57-8
040 _bspa
082 _a306.3 E194
245 0 _aEconomí­a prestigio y poder: Perspectivas desde la arqueologí­a
260 _c2009
264 _aInstituto Colombiano de Antropologí­a e Historia
942 _2ddc
_cBKS
999 _c9883
_d9883